000 00697cab a2200217 4500
001 WB2828-07
008 090401t1992 xxu||||| |||| 00| 0 eng d
035 _a(Sirsi) u59646
041 _aeng
245 _aBat flaps
260 _c1992
350 _a0
490 _aTimes
_v10 July 1992, 10(1)
520 _aDescribes an estate being built in Northumberland in which the houses incorporate a space in the roof to accommodate Britain`s smallest bat, the pipistrelle.
650 _aBATS
650 _aBUILT ENVIRONMENT-BUILDING ELEMENTS-COMPLETE BUILDING ELEMENTS-ROOFS
690 _aBUILT ENVIRONMENT-CONSTRUCTION DESIGN
690 _aCONSERVATION
942 _n0
948 _c04/03/1997
999 _c36624
_d36624